[Event "3rd Sharjah Masters 2019"]
[Site "Sharjah"]
[Date "2019.03.27"]
[Round "6.46"]
[White "Nitin, S.."]
[Black "Bommini, Mounika Akshaya"]
[Result "1-0"]
[WhiteElo "2408"]
[BlackElo "2076"]
[Annotator "NA"]
[PlyCount "93"]
[EventDate "2019.03.22"]
[EventType "swiss"]
[EventCountry "UAE"]
[SourceTitle "playchess.com"]
[Source "ChessBase"]
[SourceQuality "1"]
[TimeControl "5400+30"]

1. Nf3 {[%emt 0:00:05]} d5 {[%emt 0:00:00]} 2. g3 {[%emt 0:00:07]} Bg4 {[%emt 0:00:00]} 3. Bg2 {[%emt 0:00:10]} Nd7 {[%emt 0:00:02]} 4. O-O {[%emt 0:00:17]} c6 {[%emt 0:00:22]} 5. h3 {[%emt 0:00:41] LiveBook: 130 Games} Bh5 $11 {[%emt 0:00:38]} 6. d3 {[%emt 0:00:11]} Ngf6 {[%emt 0:00:19]} 7. Qe1 {[%emt 0:00:09]} e5 {[%emt 0:00:29]} 8. e4 {[%emt 0:00:08]} dxe4 {[%emt 0:00:16]} 9. dxe4 {[%emt 0:00:07]} Bc5 {[%emt 0:00:17]} 10. Nbd2 {[%emt 0:00:25]} O-O {[%emt 0:00:14]} 11. a4 {[%emt 0:00:15]} Re8 {[%emt 0:03:32]} 12. Nh4 {[%emt 0:01:32]} Nf8 {[%emt 0:05:30]} 13. Nb3 {[%emt 0:05:20]} Be7 {[%emt 0:10:31]} 14. Nf5 {[%emt 0:01:52]} Ne6 {[%emt 0:00:47]} 15. Nxe7+ {[%emt 0:25:08]} Qxe7 {[%emt 0:00:21]} 16. Qc3 {[%emt 0:00:09]} Qc7 {[%emt 0:07:25]} 17. f4 {[%emt 0:03:46]} exf4 {[%emt 0:09:55]} 18. gxf4 {[%emt 0:00:38]} Rad8 {[%emt 0:05:52]} 19. Bd2 {[%emt 0:21:05]} c5 {[%emt 0:08:45]} 20. Be3 {[%emt 0:00:47]} b6 {[%emt 0:10:02]} 21. Rae1 {[%emt 0:03:01]} Qd7 {[%emt 0:04:49]} 22. Qc4 {[%emt 0:00:58]} a6 {[%emt 0:09:29]} 23. f5 {[%emt 0:01:39]} Nf8 {[%emt 0:14:08]} 24. Bf4 {[%emt 0:01:42]} b5 {[%emt 0:01:59]} 25. axb5 {[%emt 0:00:19]} axb5 {[%emt 0:00:28]} 26. Qxc5 {[%emt 0:00:11]} Rc8 {[%emt 0:01:07]} 27. Qf2 {[%emt 0:00:14]} Rc4 {[%emt 0:00:32]} 28. Bg3 {[%emt 0:07:13]} Qc8 {[%emt 0:01:42]} 29. Nd4 {[%emt 0:00:15]} Qc5 {[%emt 0:00:23]} 30. c3 {[%emt 0:00:05]} b4 {[%emt 0:00:29]} 31. e5 {[%emt 0:00:55]} Nd5 {[%emt 0:01:30]} 32. Nb3 {[%emt 0:01:04]} Qxf2+ {[%emt 0:00:39]} 33. Rxf2 {[%emt 0:00:14]} Nb6 {[%emt 0:01:20]} 34. Nd2 {[%emt 0:00:21]} Rc5 {[%emt 0:00:58]} 35. cxb4 {[%emt 0:00:15]} Rc2 {[%emt 0:00:28]} 36. Ne4 {[%emt 0:00:25]} Rxf2 {[%emt 0:00:21]} 37. Kxf2 {[%emt 0:00:55]} Rc8 {[%emt 0:00:36]} 38. Nc5 {[%emt 0:01:05]} Nfd7 {[%emt 0:00:32]} 39. Rc1 {[%emt 0:06:25]} Na4 {[%emt 0:00:21]} 40. Ke3 {[%emt 0:04:20]} Naxc5 {[%emt 0:00:47]} 41. bxc5 {[%emt 0:00:13]} Rxc5 {[%emt 0:00:15]} 42. Rxc5 {[%emt 0:00:12]} Nxc5 {[%emt 0:00:04]} 43. b4 {[%emt 0:00:31]} Nd7 {[%emt 0:00:51]} 44. Bc6 {[%emt 0:00:16]} Nb6 {[%emt 0:00:19]} 45. Kd4 {[%emt 0:00:09]} Bd1 {[%emt 0:00:30]} 46. Kc5 {[%emt 0:00:42]} Na4+ {[%emt 0:00:10]} 47. Kd6 {[%emt 0:00:34]} 1-0

[Event "3rd Sharjah Masters 2019"]
[Site "Sharjah"]
[Date "2019.03.27"]
[Round "6.47"]
[White "Mrudul, Dehankar"]
[Black "Assaubayeva, Bibisara"]
[Result "0-1"]
[WhiteElo "2078"]
[BlackElo "2376"]
[Annotator "NA"]
[PlyCount "74"]
[EventDate "2019.03.22"]
[EventType "swiss"]
[EventCountry "UAE"]
[SourceTitle "playchess.com"]
[Source "ChessBase"]
[SourceQuality "1"]
[TimeControl "5400+30"]

1. d4 {[%emt 0:00:00]} Nf6 {[%emt 0:00:00]} 2. Bf4 {[%emt 0:00:00]} c5 {[%emt 0:00:38]} 3. d5 {[%emt 0:00:40]} b5 {[%emt 0:01:05]} 4. a4 {[%emt 0:03:50]} Bb7 {[%emt 0:01:49]} 5. axb5 {[%emt 0:08:08]} Nxd5 {[%emt 0:01:56]} 6. Bg3 {[%emt 0:04:05]} d6 {[%emt 0:04:22]} 7. e3 {[%emt 0:06:36]} g6 {[%emt 0:05:15]} 8. Nf3 {[%emt 0:01:48]} Bg7 {[%emt 0:04:21]} 9. c3 {[%emt 0:02:57]} Nd7 {[%emt 0:04:39]} 10. Be2 {[%emt 0:03:43]} O-O {[%emt 0:05:23]} 11. O-O {[%emt 0:02:50]} N7f6 {[%emt 0:03:55]} 12. Nbd2 {[%emt 0:04:25]} Qd7 {[%emt 0:04:51]} 13. Qc2 {[%emt 0:06:25]} Nc7 {[%emt 0:10:32]} 14. Ra5 {[%emt 0:02:40]} a6 {[%emt 0:03:16]} 15. bxa6 {[%emt 0:10:40]} Nxa6 {[%emt 0:02:50]} 16. Rfa1 {[%emt 0:02:49]} Nc7 {[%emt 0:00:24]} 17. Nc4 {[%emt 0:06:20]} Rxa5 {[%emt 0:05:49]} 18. Rxa5 {[%emt 0:01:17]} Be4 {[%emt 0:02:48]} 19. Qb3 {[%emt 0:03:31]} Ne6 {[%emt 0:07:17]} 20. Nfd2 {[%emt 0:03:45]} Bc6 {[%emt 0:02:54]} 21. Qa3 {[%emt 0:07:41]} Rb8 {[%emt 0:09:25]} 22. Ra7 {[%emt 0:01:03]} Qd8 {[%emt 0:01:28]} 23. Na5 {[%emt 0:09:16]} Ba8 {[%emt 0:02:23]} 24. Bf3 {[%emt 0:01:39]} Bxf3 {[%emt 0:00:40]} 25. Nxf3 {[%emt 0:00:15]} Qe8 {[%emt 0:00:54]} 26. Nc4 {[%emt 0:03:12]} Ne4 {[%emt 0:01:16]} 27. Qa6 {[%emt 0:02:09]} Bxc3 {[%emt 0:02:36]} 28. Rb7 {[%emt 0:01:38]} Rxb7 {[%emt 0:01:27]} 29. Qxb7 {[%emt 0:00:01]} Qa4 {[%emt 0:01:48]} 30. h4 {[%emt 0:00:39]} Qxc4 {[%emt 0:00:46]} 31. bxc3 {[%emt 0:00:08]} Nxg3 {[%emt 0:01:03]} 32. fxg3 {[%emt 0:00:02]} Qxc3 {[%emt 0:00:24]} 33. Qxe7 {[%emt 0:00:31]} Qxe3+ {[%emt 0:00:16]} 34. Kh2 {[%emt 0:00:24]} Qd3 {[%emt 0:01:37]} 35. Ng5 {[%emt 0:01:27]} Nxg5 {[%emt 0:00:43]} 36. hxg5 {[%emt 0:00:52]} Qd4 {[%emt 0:00:12]} 37. Qd8+ {[%emt 0:00:21]} Kg7 {[%emt 0:00:08]} 0-1

[Event "3rd Sharjah Masters 2019"]
[Site "Sharjah"]
[Date "2019.03.28"]
[Round "7.1"]
[White "Wang, Hao"]
[Black "Inarkiev, Ernesto"]
[Result "1/2-1/2"]
[WhiteElo "2718"]
[BlackElo "2692"]
[Annotator "TA"]
[PlyCount "228"]
[EventDate "2019.03.22"]
[EventType "swiss"]
[EventCountry "UAE"]
[SourceTitle "playchess.com"]
[Source "ChessBase"]
[SourceQuality "1"]

{[%evp 12,228,34,29,31,14,10,9,18,14,18,17,31,6,29,25,27,19,24,0,0,0,0,0,0,-3,-2,-10,-2,-1,0,-32,-7,-18,0,0,81,78,179,12,12,11,8,0,0,0,0,0,0,0,0,0,139,139,141,141,141,40,78,78,81,81,85,80,86,87,87,87,87,78,78,78,78,78,78,78,78,78,78,78,78,78,78,78,78,78,78,78,78,0,78,85,85,85,85,85,90,87,87,87,87,87,87,87,114,112,94,0,87,87,87,87,87,0,87,87,116,51,51,51,51,51,51,51,51,51,51,51,51,51,51,51,51,51,51,51,51,51,51,51,51,51,51,51,51,51,51,51,51,51,51,51,51,51,51,51,51,51,51,51,51,51,51,51,51,0,51,0,51,51,51,51,51,51,51,51,51,51,51,51,51,51,51,0,52,52,66,0,70,2,2,2,2,9,9,0,0,0,0,0,0,0,0,0,0,0,0,0,0,0,0,0,0,0,0,0,0,0,0]} 1. c4 c5 2. Nf3 Nf6 3. Nc3 d5 4. cxd5 Nxd5 5. e3 Nxc3 6. bxc3 g6 7. Bb5+ Bd7 {A34: Symmetrical English: 2 Nc3, lines with ...d5} 8. a4 (8. Be2 Bg7 9. O-O O-O 10. d4 Bc6 11. Ba3 cxd4 12. cxd4 Re8 13. Ne5 Qa5 14. Qb3 Bxe5 15. dxe5 Qxe5 16. Bc4 Rf8 17. f4 Qe4 18. Rf2 {½-½ (61) Nakamura,H (2746)-Vachier Lagrave,M (2781) London 2018}) 8... Bg7 9. O-O O-O 10. d4 Qc7 11. h3 Rd8 $146 ({Predecessor:} 11... Bxb5 12. axb5 Nd7 13. e4 a6 14. bxa6 Rxa6 15. Rb1 Rfa8 {½-½ (15) Stone,R (2375)-Gruenberg,R (2290) Hamburg 1987}) 12. Qe2 Nc6 13. Ba3 b6 14. dxc5 bxc5 15. Bxc5 a6 $1 {[%cal Ra6b5]} 16. Bd3 ({Don't play} 16. Bxa6 Nb8 $17) 16... Qa5 17. Ba3 Bxc3 18. Rac1 Rab8 19. Bc4 {Black must now prevent Bxf7+!} Bf6 20. e4 Be8 21. Bc5 e6 22. Bxa6 Rb2 23. Qc4 Nb4 (23... Ne5 $11 24. Nxe5 Bxe5) 24. e5 $1 $16 {[%cal Re5f6]} Bg7 (24... Nxa6 $16 {was called for.} 25. Ba3 Rbb8 26. exf6 Qxa4 27. Qxa4 Bxa4) 25. Bd4 $2 (25. Qc3 $1 $18 {[%cal Rc3b2]} Ra2 26. Be7 (26. Bxb4 Qxa6 27. a5 Ra8 $16) 26... Qxa6 27. Bxd8 Qxa4 28. Qd4) 25... Rc2 $1 $11 {[%cal Rc2c4]} 26. Rxc2 Nxc2 27. Qxc2 Qxa6 28. Ra1 Bc6 {aiming for ...Bxf3.} 29. Qb2 Bxa4 30. Qb4 $36 {[%mdl 2048] White is more active.} Ra8 31. Ng5 Qc6 (31... Qc8 $11 {remains equal.}) 32. Qe7 $16 Rf8 33. Qa7 $1 {[%cal Ra7a4]} h6 {[#]} 34. Nxf7 ({Much weaker is} 34. Rxa4 $6 hxg5 35. Rb4 Qc1+ 36. Kh2 Qe1 $11) (34. Qxa4 $6 Qxa4 35. Rxa4 hxg5 $11) ({White has to play} 34. Bc5 $1 $16 {[%cal Rc5f8]} hxg5 35. Bxf8) 34... Rxf7 35. Qxa4 Qd5 36. Qa8+ Qxa8 37. Rxa8+ {[%mdl 4096] Endgame KRB-KRB} Kh7 38. Rd8 g5 39. Rd6 Re7 40. g4 Kg6 41. Kg2 Kf7 42. Kf3 Rc7 43. Ra6 Rc4 44. Ra7+ Kg6 45. Ke3 Bf8 46. Kd3 Rc1 47. Ra6 Kf7 {[#]} 48. Ra1 $1 {[%cal Ra1c1]} Rc8 49. Ke4 Rc4 50. Kd3 (50. Ke3 $16) 50... Rc6 (50... Rc8 $1 $11) 51. Be3 Bg7 52. Ra5 Kg6 53. Bd4 h5 54. Ra7 {Hoping for gxh5+.} hxg4 55. hxg4 Bf8 56. Ra8 Be7 57. Rb8 Ra6 58. Rb7 Bf8 59. Rb8 Be7 $1 60. Rb6 Ra3+ 61. Ke2 Ra4 62. Kd3 ({White should play} 62. Ke3 $16) 62... Kf7 (62... Ra3+ $1 $11 63. Ke4 Kf7) 63. Rb7 Ke8 64. f3 (64. Ra7 $16 Rxa7 65. Bxa7) 64... Ra3+ $14 65. Ke2 Ra4 66. Bc3 Rc4 67. Bd2 (67. Kd3 {looks sharper.} Ra4 68. Rb8+ Kd7 69. Bb2 Ra5 70. Bd4) 67... Ra4 68. Rb3 Rc4 69. Rb5 Rc2 70. Kd3 Ra2 71. Rb8+ Kf7 72. Rc8 Ra3+ 73. Ke2 Ra4 74. Rc7 Ke8 75. Rb7 Ra2 76. Kd3 Ra4 77. Rb3 Kf7 78. Be3 Ra1 79. Bd4 Rd1+ 80. Ke3 Re1+ 81. Kd2 Rf1 82. Rb7 Ke8 83. Ke2 Rc1 84. Ra7 Rb1 85. Rc7 Rb3 86. Bc3 Rb1 87. Ra7 Rb3 88. Bd4 (88. Ra8+ $14 Kf7 89. Rc8) 88... Kf8 (88... Rb1 $1 $11) 89. Rc7 Ke8 90. Kf2 Rd3 91. Rc8+ Kd7 92. Rc4 Ke8 93. Ke2 Rb3 94. Bc3 Rb1 95. Rc8+ Kf7 96. Ra8 Rb3 97. Rc8 Rb1 $1 98. Bd4 Rb3 99. Rc7 (99. Rc2 {is interesting.} Rb4 100. Ke3 Bd8 101. Rb2 Ra4 102. Rb8) 99... Ke8 100. Bc5 ({White should try} 100. Rc3 $14 Rb8 101. Ke3) 100... Bxc5 $11 {The position is equal.} 101. Rxc5 {KR-KR} Kd7 102. Kf2 Ra3 103. Kg3 Re3 104. Ra5 Kc6 105. Kf2 Rb3 106. Kg2 Re3 107. Kf2 Rb3 108. Ke2 Rc3 109. Ra8 Kd5 110. Rg8 Kxe5 111. Rxg5+ Kf4 {[%mdl 64] Double Attack} 112. Rg6 Re3+ 113. Kd2 {Threatens to win with Rf6+.} Rxf3 114. Rxe6 Kxg4 {Accuracy: White = 64%, Black = 72%.} 1/2-1/2

[Event "3rd Sharjah Masters 2019"]
[Site "Sharjah"]
[Date "2019.03.28"]
[Round "7.2"]
[White "Vokhidov, Shamsiddin"]
[Black "Maghsoodloo, Parham"]
[Result "1/2-1/2"]
[WhiteElo "2494"]
[BlackElo "2673"]
[Annotator "TA"]
[PlyCount "84"]
[EventDate "2019.03.22"]
[EventType "swiss"]
[EventCountry "UAE"]
[SourceTitle "playchess.com"]
[Source "ChessBase"]
[SourceQuality "1"]

{[%evp 24,84,56,22,40,16,60,53,50,54,58,58,62,61,84,70,48,71,66,63,76,79,66,80,62,70,70,72,71,70,50,17,17,20,13,8,8,0,72,44,66,71,88,80,61,45,66,41,18,22,27,0,0,0,0,0,0,0,0,0,2,2,8]} 1. e4 c5 2. Nf3 d6 3. d4 cxd4 4. Nxd4 Nf6 5. Nc3 Nc6 6. Bg5 e6 7. Qd2 a6 8. O-O-O Bd7 9. f4 b5 10. Bxf6 gxf6 11. Kb1 Qb6 12. Nxc6 Bxc6 13. Qe1 O-O-O {B67: Sicilian: Richter-Rauzer: 7...a6 8 0-0-0 Bd7, lines without 9 f4 Be7} (13... Ra7 14. Bd3 Qc5 15. g4 h5 16. h3 Rg8 17. Rg1 hxg4 18. hxg4 b4 19. Ne2 a5 20. Rg3 a4 21. c3 b3 {1-0 (39) Grigoriants,S (2561)-Rapport,R (2707) Riadh 2017}) 14. Bd3 Qc5 15. Qh4 Be7 {White is slightly better.} 16. f5 h5 $146 ({Predecessor:} 16... Kb8 17. Rhe1 Bb7 18. Qh5 Rdf8 19. g3 Bd8 20. Ne2 Ba5 21. Rf1 {1-0 (41) Kosteniuk,A (2439)-Dembo,Y (2468) Beijing 2011}) 17. Qh3 Bd7 18. Ne2 exf5 19. Qf3 fxe4 20. Bxe4 Bg4 21. Qf1 d5 22. Bf5+ Kb7 23. Bxg4 hxg4 24. Rd4 Qc8 25. h3 gxh3 26. gxh3 Rh5 27. Qf3 Rf5 28. Rf4 Rxf4 29. Nxf4 Qf5 30. Rf1 Qe4 (30... Bd6 $11 {remains equal.}) 31. Qh5 {[%mdl 1024] White has strong compensation.} d4 {next ...d3! is good for Black.} 32. Nd3 ({Of course not} 32. Qxf7 d3 $15) 32... Qd5 33. Qe2 Qe6 34. Qf3+ Qd5 35. Qf2 Rh8 36. h4 f5 37. Qxf5 (37. h5 $5) 37... Qxf5 {The position is equal.} 38. Rxf5 Rxh4 $11 {[#] aiming for ...Rh1+. KRB-KRN} 39. a4 f6 40. axb5 axb5 41. Rxb5+ Kc6 42. Ra5 Rh8 {Accuracy: White = 75%, Black = 70%.} 1/2-1/2

[Event "3rd Sharjah Masters 2019"]
[Site "Sharjah"]
[Date "2019.03.28"]
[Round "7.3"]
[White "Kryvoruchko, Yuriy"]
[Black "Yakubboev, Nodirbek"]
[Result "1-0"]
[WhiteElo "2680"]
[BlackElo "2569"]
[Annotator "TA"]
[PlyCount "73"]
[EventDate "2019.03.22"]
[EventType "swiss"]
[EventCountry "UAE"]
[SourceTitle "playchess.com"]
[Source "ChessBase"]
[SourceQuality "1"]

{[%evp 14,73,14,18,22,22,46,20,22,17,26,0,87,69,80,80,100,101,91,115,117,114,106,112,118,99,127,129,125,119,115,94,253,271,323,315,317,274,648,650,619,638,672,669,630,614,908,555,524,323,774,762,760,753,745,744,12445,6633,29991,29992,29992,29993]} 1. c4 e5 2. Nc3 Nf6 3. Nf3 Nc6 4. g3 Bb4 5. Bg2 Bxc3 6. bxc3 O-O 7. O-O d6 8. d3 e4 {A29: English Opening: Four Knights Variation with 4 g3} 9. Nd4 Ne5 (9... exd3 10. exd3 Nxd4 11. cxd4 d5 12. Bg5 c6 13. cxd5 cxd5 14. Qb3 b6 15. Rae1 h6 16. Bxf6 Qxf6 17. Re5 Be6 {1-0 (37) Kramnik,V (2792)-Duda,J (2737) Dortmund 2018}) 10. dxe4 Nxc4 {The position is equal.} 11. Qb3 Na5 12. Qa4 $146 ({Predecessor:} 12. Qc2 Re8 13. Rd1 Qe7 14. Bg5 Bd7 15. Rab1 a6 16. c4 b6 17. f3 h6 {½-½ (17) Behling,R (2247)-Buzov,B (2083) Ludwigshafen 2007}) 12... c5 {[#]} (12... b6 $1 $11) 13. Nf5 $1 $16 Bd7 14. Qc2 Nc4 15. Rd1 Bxf5 16. exf5 Rb8 17. a4 a6 {[#]} 18. a5 $1 {[%mdl 512]} Nxa5 19. Qa2 b6 20. Bf4 Ne8 21. Bd5 Qf6 22. e4 Nc7 $2 (22... Kh8 $16 {was necessary.}) 23. Bxd6 $1 $18 {[%mdl 64] Double Attack} Nb5 24. Bxb8 Rxb8 25. Rac1 Nxc3 $2 {[#]} (25... Kf8 26. Rd3 Rc8) 26. Rxc3 $1 {[%mdl 512]} Qxc3 27. Bxf7+ Kf8 28. Qd5 {White threatens Qd6+ and mate.} Qf6 {Now ...Nc6 and Black clings on.} 29. e5 Qe7 30. Be6 Nb7 31. Bd7 c4 $2 (31... a5 32. e6 c4 33. Qxc4 Nc5) 32. f6 gxf6 33. exf6 Qxf6 34. Rd4 Kg7 35. Rf4 Qd6 36. Qf7+ Kh8 37. Rh4 {Accuracy: White = 89%, Black = 38%.} 1-0

[Event "3rd Sharjah Masters 2019"]
[Site "Sharjah"]
[Date "2019.03.28"]
[Round "7.4"]
[White "Nihal, Sarin"]
[Black "Fedoseev, Vladimir"]
[Result "1/2-1/2"]
[WhiteElo "2578"]
[BlackElo "2715"]
[Annotator "TA"]
[PlyCount "98"]
[EventDate "2019.03.22"]
[EventType "swiss"]
[EventCountry "UAE"]
[SourceTitle "playchess.com"]
[Source "ChessBase"]
[SourceQuality "1"]

{[%evp 14,98,30,29,47,26,37,18,33,12,15,11,8,4,8,-1,0,0,32,33,65,34,39,32,34,34,31,5,18,14,29,20,30,0,0,0,0,0,16,0,30,49,38,27,90,89,120,93,118,84,96,88,87,86,111,0,0,0,5,0,76,72,76,77,47,0,0,0,0,0,0,0,0,0,0,0,0,0,0,0,0,0,0,0,0,0,0]} 1. d4 f5 2. g3 Nf6 3. Bg2 e6 4. Nf3 d5 5. O-O Bd6 6. c4 c6 7. Nc3 Nbd7 8. Qc2 Nf8 {A90: Dutch Defence: Miscellaneous and Modern Stonewall (with ...Bd6)} (8... Ne4 9. Nxe4 dxe4 10. Ng5 Nf6 11. f3 h6 12. Nh3 e5 13. fxe4 Nxe4 14. g4 Nf6 15. gxf5 O-O 16. c5 {1-0 (38) Avrukh,B (2656)-Gofshtein,L (2540) Israel 2010}) 9. Ne5 $146 ({Predecessor:} 9. Rb1 Ng6 10. b4 O-O 11. e3 Ne4 12. b5 h5 13. Bd2 h4 14. c5 Bb8 15. bxc6 bxc6 16. Qa4 hxg3 17. hxg3 {1-0 (27) Hebbering,T (2065)-Stock,J (1915) Frankfurt 2014}) 9... Ng6 10. f4 O-O 11. Rb1 Be7 12. Kh1 Bd7 13. Be3 Qe8 14. Bf2 Nxe5 15. dxe5 Ng4 (15... Ne4 $5) 16. Bg1 dxc4 17. b3 cxb3 18. Qxb3 b6 19. h3 {[%mdl 1024] White has compensation.} Nh6 20. Rbd1 Rc8 21. a4 Rc7 22. Rd3 Qc8 23. Rfd1 Kh8 24. e4 Be8 25. Kh2 Bf7 26. Be3 Rd8 27. Rxd8+ Bxd8 28. a5 $36 {[%mdl 2048] White has the initiative.} b5 (28... bxa5 $11 29. Qa3 Kg8) 29. Qb4 $16 {Strongly threatening Qf8+.} Bg8 30. Bc5 a6 31. Qd4 Be7 {[#]} 32. Bxe7 $1 Rxe7 33. Qc5 Rc7 34. Na2 (34. exf5 $16 {Threatens to win with f6.} exf5 35. Qb6) 34... Rd7 $11 35. Rd6 Rxd6 36. exd6 {Black must now prevent e5.} fxe4 (36... e5 $1 $11 {keeps the balance.} 37. Nc3 exf4) 37. Nb4 $16 Nf7 38. Bxe4 Qd8 39. Nxa6 {And now Nb4 would win.} Nxd6 {The position is equal.} 40. Qb6 $1 {[%cal Rb6d8]} Qf6 41. Bg2 ({Much worse is} 41. Qxc6 Nxe4 42. Qxe4 e5 $17) 41... Qb2 42. Qxc6 Nf5 43. Nc7 Qa3 44. a6 $1 {next Qf3 is good for White.} Qxg3+ {[%mdl 64] [#] Double Attack} 45. Kh1 Qxf4 {( -> ...Ng3+)} 46. Qc5 Ng3+ 47. Kg1 Ne2+ 48. Kh1 Ng3+ 49. Kg1 Ne2+ {Accuracy: White = 59%, Black = 55%.} 1/2-1/2

[Event "3rd Sharjah Masters 2019"]
[Site "Sharjah"]
[Date "2019.03.28"]
[Round "7.5"]
[White "Matlakov, Maxim"]
[Black "Fier, Alexandr"]
[Result "1-0"]
[WhiteElo "2692"]
[BlackElo "2551"]
[Annotator "TA"]
[PlyCount "61"]
[EventDate "2019.03.22"]
[EventType "swiss"]
[EventCountry "UAE"]
[SourceTitle "playchess.com"]
[Source "ChessBase"]
[SourceQuality "1"]

{[%evp 11,61,21,20,0,0,0,0,-7,28,14,21,0,0,-7,-7,0,0,-3,-7,0,0,0,54,49,69,59,125,125,112,120,115,118,118,123,120,111,114,112,183,170,286,281,283,281,606,545,601,598,878,853,854,853]} 1. d4 Nf6 2. Nf3 e6 3. c4 b6 4. g3 Ba6 5. Qc2 Bb7 6. Bg2 c5 7. d5 {E15: Queen's Indian: 4 g3 sidelines, 4 g3 Ba6 and 4 g3 Bb7 early deviations} exd5 8. cxd5 Nxd5 9. O-O {Strongly threatening Ng5.The position is equal.} Be7 10. Rd1 Nc6 11. a3 (11. Rxd5 $2 Nb4 $17) 11... Nc7 12. Bf4 Ne6 13. e3 {[#]} O-O $146 ({Predecessor:} 13... Nxf4 14. exf4 O-O {½-½ (25) Jakovenko,D (2745)-Karjakin,S (2770) Kazan 2014}) 14. Nc3 Nxf4 15. exf4 h6 16. Rd2 Bf6 (16... d6 $11) 17. Rad1 $1 $14 Bxc3 18. bxc3 Qc8 ({Black should play} 18... d5 $14) 19. Nh4 $16 {Black must now prevent Nf5.} d5 20. Rxd5 {aiming for Nf5.} Ne7 21. Rd7 Bxg2 22. Kxg2 ({Don't play} 22. Rxe7 $6 Bh3 $11) 22... Qc6+ 23. f3 Rae8 24. R1d6 $36 {[%mdl 2048] Black is under strong pressure.} Qa8 {[#]} (24... Qb5 $16 {keeps fighting.}) 25. f5 $1 $18 {[%cal Rf5f6] Hoping for f6.} Rd8 (25... Nc8 {might work better.}) 26. Qd2 {[%cal Rd7d8]} Rxd7 27. Rxd7 Nc8 $2 {[#]} (27... Nc6 28. f6 Ne5 29. fxg7 Nxd7 30. Qxh6 (30. gxf8=R+ Nxf8 31. Nf5 Qe8 $18) 30... f6) 28. f6 $1 {[%mdl 512] Threatens to win with fxg7.White is clearly winning.} Qc6 (28... gxf6 29. Qxh6) 29. fxg7 Kxg7 30. Nf5+ Kh7 {[#]} 31. Rd6 $1 {[%mdl 512] Accuracy: White = 80%, Black = 58%.} 1-0

[Event "3rd Sharjah Masters 2019"]
[Site "Sharjah"]
[Date "2019.03.28"]
[Round "7.6"]
[White "Sjugirov, Sanan"]
[Black "Deepan, Chakkravarthy J."]
[Result "1/2-1/2"]
[WhiteElo "2667"]
[BlackElo "2534"]
[Annotator "RC"]
[PlyCount "81"]
[EventDate "2019.03.22"]
[EventType "swiss"]
[EventCountry "UAE"]
[SourceTitle "playchess.com"]
[Source "ChessBase"]
[SourceQuality "1"]
[TimeControl "5400+30"]

1. e4 {[%emt 0:00:00]} e5 {[%emt 0:00:00]} 2. Nf3 {[%emt 0:00:00]} Nc6 {[%emt 0:00:00]} 3. Bb5 {[%emt 0:00:00]} a6 {[%emt 0:00:00]} 4. Ba4 {[%emt 0:00:03]} Nf6 {[%emt 0:00:10]} 5. O-O {[%emt 0:00:16]} Be7 {[%emt 0:00:18]} 6. Re1 {[%emt 0:00:17]} b5 {[%emt 0:00:07]} 7. Bb3 {[%emt 0:00:06]} d6 {[%emt 0:00:10]} 8. c3 {[%emt 0:00:11]} O-O {[%emt 0:00:08]} 9. h3 {[%emt 0:00:07]} Re8 {[%emt 0:00:33]} 10. d4 {[%emt 0:07:27]} Bb7 {[%emt 0:00:18]} 11. Nbd2 {[%emt 0:00:45]} Bf8 {[%emt 0:01:31]} 12. Ng5 Re7 13. d5 Nb8 14. Nf1 h6 15. Nf3 Re8 16. Ng3 Nbd7 17. Nh2 Nc5 18. Bc2 c6 19. b4 Ncd7 20. dxc6 Bxc6 21. Ng4 Rc8 22. Bb3 Nxg4 23. hxg4 Nb6 24. g5 hxg5 25. Qh5 Nc4 26. Bxg5 Be7 27. Bxe7 Qxe7 28. Nf5 Qf6 29. Bxc4 bxc4 30. Rad1 g6 31. Qg4 d5 32. exd5 Ba4 33. Ne3 Bxd1 34. Rxd1 Red8 35. Nxc4 e4 36. Rd4 Qxd4 37. cxd4 Rxc4 38. Qxe4 Rxb4 39. d6 Rb6 40. d7 Re6 41. Qb7 1/2-1/2

[Event "3rd Sharjah Masters 2019"]
[Site "Sharjah"]
[Date "2019.03.28"]
[Round "7.7"]
[White "Abdusattorov, Nodirbek"]
[Black "Mareco, Sandro"]
[Result "1/2-1/2"]
[WhiteElo "2560"]
[BlackElo "2666"]
[Annotator "TA"]
[PlyCount "46"]
[EventDate "2019.03.22"]
[EventType "swiss"]
[EventCountry "UAE"]
[SourceTitle "playchess.com"]
[Source "ChessBase"]
[SourceQuality "1"]

{[%evp 20,46,14,13,4,0,0,0,1,0,0,0,4,-11,-15,-23,-6,-22,-17,-11,-18,-50,0,0,0,-41,0,0,0]} 1. e4 c6 2. d4 d5 3. Nc3 dxe4 4. Nxe4 Bf5 5. Ng3 Bg6 6. h4 h6 7. Nf3 e6 8. h5 Bh7 9. Bd3 Bxd3 10. Qxd3 Nf6 11. Bd2 Be7 {B19: Classical Caro-Kann: 4...Bf5 main line} (11... c5 12. Ne4 Nc6 13. Bc3 Nb4 14. Bxb4 cxb4 15. Nxf6+ gxf6 16. c4 Qc7 17. O-O Rg8 18. c5 O-O-O 19. a3 Qc6 {½-½ (51) Inarkiev,E (2680)-Artemiev,V (2701) Sharjah 2018}) 12. Ne4 Nxe4 13. Qxe4 Qd5 14. Qe2 $146 ({Predecessor:} 14. Qxd5 cxd5 15. c3 Nc6 16. Bf4 Rc8 17. O-O O-O 18. a4 Na5 19. Nd2 b6 20. b4 Nc4 21. Nxc4 Rxc4 22. Bd2 Rb8 23. a5 b5 24. f4 Rbc8 25. Rf3 {½-½ (25) Aulia,M (2380)-Gonzales,J (2364) Surakarta 2018}) 14... b5 15. a4 Nd7 16. axb5 cxb5 17. Ra5 a6 18. b3 Qf5 19. c4 Qb1+ 20. Qd1 Qe4+ 21. Qe2 Qb1+ 22. Qd1 Qe4+ 23. Qe2 Qb1+ {Accuracy: White = 73%, Black = 68%.} 1/2-1/2